Pavel Maur /

Hlavní autor: Maur, Pavel, 1914-1989
Korporativní autor: Západočeská galerie (Plzeň, Česko)
Další autoři: Zdeněk, Mirko, 1924-1980
Jazyk: Čeština
Vydáno: Plzeň : Západočeská galerie, 1965
Témata:
Fyzický popis: 14 s. : il.
Knihy
Uloženo v:
LEADER 01170nam a22003132a 4500
001 001627635
003 CZ BrMZK
005 20180622132342.0
007 ta
008 180509s1965 xr er|||||||||||cze d
040 |a BOE303  |b cze  |d BOA001 
072 7 |a 72/76  |x Výtvarné umění  |2 Konspekt  |9 21 
080 |a 72/76(437.3)  |2 MRF 
080 |a (083.824)  |2 MRF 
100 1 |a Maur, Pavel,  |d 1914-1989  |7 jz8600637  |4 art 
245 1 0 |a Pavel Maur /  |c [Mirko Zdeněk] 
260 |a Plzeň :  |b Západočeská galerie,  |c 1965 
300 |a 14 s. :  |b il. 
600 1 7 |a Maur, Pavel,  |d 1914-1989  |7 jz8600637  |2 czenas 
648 7 |a 20. století  |7 ch460558 
650 0 7 |a české výtvarné umění  |7 ph116865  |y 20. století  |2 czenas 
655 7 |a katalogy výstav  |7 fd132536  |2 czenas 
700 1 |a Zdeněk, Mirko,  |d 1924-1980  |7 jk01152307  |4 wfw 
710 2 |a Západočeská galerie (Plzeň, Česko)  |7 kn20010709207 
910 |a BOA001  |b X-0538.678  |b X-0521.232 
990 |a BK 
991 |b 201804 
996 6 |b 2618934183  |c X-0538.678  |l MZK  |r Sklad / do 24 hodin  |n 0  |w 001663416  |u 000010  |a 1  |e BOA001  |j MZK50  |s P 
996 7 |b 2618946535  |c X-0521.232  |l MZK  |r Sklad / do 24 hodin  |n 0  |w 001663416  |u 000020  |a 1  |e BOA001  |j MZK50  |s A